000 00923nam a2200253Ia 4500
003 OSt
005 20221005112957.0
006 a|||||r|||| 00| 0
007 ta
008 221004b |||||||| |||| 00| 0 pan d
020 _a9788171165766 (hbk)
_c500
024 _a6777
037 _b730, 27/06/2013, H.K. Prakashan
_cTextual
040 _aCRL
_cCRL
_bpan
041 _2pan
_apan
082 _aO153:gN, Q1
100 _aਰੈਨਾ, ਗੁਰਚਰਨ ਸਿੰਘ
245 0 _aਸਾਹਿਤ ਵਿਚ ਨਿਯਮ ਤੇ ਪ੍ਰਤੀਕਾਤਮਕ ਅਭਿਵਿਅੰਜਨ
260 _aਦਿੱਲੀ
_bਨੈFਨਲ ਬੁਕ Fਾਪ ਭਾਰਤ
_c2011
300 _a224ਪੰ
_ccm.
650 _aਪੰਜਾਬੀ ਸਾਹਿਤ
942 _hO153:gN, Q1
_cTEXL
_2cc
999 _c1026623
_d1026623